Entry Personal Name
Number of records used in: 1
001 - CONTROL NUMBER
003 - CONTROL NUMBER IDENTIFIER
005 - DATE AND TIME OF LATEST TRANSACTION
- control field:
20221105103749.0
008 - FIXED-LENGTH DATA ELEMENTS
- fixed length control field:
960509n| acannaab| |n aaa |||
010 ## - LIBRARY OF CONGRESS CONTROL NUMBER
- LC control number:
n 96045503
040 ## - CATALOGING SOURCE
- Original cataloging agency:
DLC
- Transcribing agency:
DLC
100 10 - HEADING--PERSONAL NAME
- Personal name:
Larousse, Jean
670 ## - SOURCE DATA FOUND
- Source citation:
Food canning technology, 1996:
- Information found:
CIP t.p. (Jean Larousse) t.p. verso (Orsay, France)